| 000 | 004350000a22001570004500 | ||
|---|---|---|---|
| 090 |
_aAR _b03319 |
||
| 245 | 1 | 0 | _aPrimer censo nacional de aves |
| 650 | 1 | 4 |
_aOrnitología _993189 |
| 650 | 1 | 4 |
_aAves _992429 |
| 650 | 1 | 4 |
_aDistribución geográfica _992997 |
| 651 | 4 |
_pColombia _992749 |
|
| 041 | 0 | _aEspañol | |
| 110 | 1 |
_aSociedad Vallecaucana de Ornitología _996965 |
|
| 942 | _cARTICULO | ||
| 773 | 1 |
_tRupicola _31347 _h3-4 _q1-15 _d1989 _g10 |
|
| 999 |
_c12370 _d12370 |
||